Flugzeugflotten Teil 20-American Airlines - Statistiken

Allgemein
  • Dieses Quiz wurde 74 mal gespielt
  • Das Durchschnittsergebnis liegt bei 9 aus 10
Antwortstatistiken
Anzahl Flugzeugtyp % Korrekt
303 Boeing 737-800
96%
20 Boeing 777-300ER
96%
37 Boeing 787-8
96%
48 Airbus A320-200
95%
133 Airbus A319-100
93%
218 Airbus A321-200
93%
22 Boeing 787-9
93%
47 Boeing 777-200ER
91%
82 Airbus A321neo
86%
64 Boeing 737 MAX 8
86%
Keine übereinstimmenden Quizze gefunden
Verteilung der Resultate
Anzahl Personen mit jedem Resultat
Perzentil nach korrekt beantworteten Fragen
Ihre Resultats-Entwicklung
Sie haben dieses Quiz noch nicht gespielt